| 000 | 00851aam a2200253 a 4500 | ||
|---|---|---|---|
| 008 | |||
| 020 | _a0863411487 | ||
| 049 | _aMAIN | ||
| 090 |
_aTK5105 _bTRA |
||
| 245 | 0 | 0 |
_aTransmission systems / _cedited by J.E. Flood and P. Cochrane. |
| 260 |
_aHerts, U.K. : _bP. Peregrinus on behalf of the Institution of Electrical Engineers, _cc1991. |
||
| 300 |
_axxii, 503 p. : _bill. ; _c24 cm. |
||
| 440 | 0 |
_aIEE telecommunications series ; _v27 |
|
| 504 | _aIncludes bibliographical references and index. | ||
| 650 | 0 | _aTelecommunication systems. | |
| 653 | _aTelecommunication equipment. | ||
| 700 | 1 |
_aFlood, J. E. _q(John Edward) |
|
| 700 | 1 |
_aCochrane, P. _q(Peter) |
|
| 907 |
_a.b10007301 _b07-05-12 _c17-04-03 |
||
| 003 | |||
| 005 | 20230123133835.0 | ||
| 040 | _cNUST | ||
| 942 |
_cBOOKS _kTK5105 _mTRA |
||
| 999 |
_c155526 _d155526 |
||